| LEADER 00000nam 2200000uu 4500 |
| 001 213194 |
| 003 ULIBM |
| 008 020711s2563 th a 000 0 tha d |
| 041 ^atha^beng
|
| 060 อ WY1 ส181ร 2563
|
| 110 สถาบันพระบรมราชชนก คณะพยาบาลศาสตร์.
|
| 245 รายงานประจำปี 2563 คณะพยาบาลศาสตร์ สถาบันพระบรมราชชนก กระทรวงสาธารณสุข=^bAnnual report 2020 faculty of nursing, praboromarajchanok institute/^cคณะพยาบาลศาสตร์ สถาบันพระบรมราชชนก
|
| 246 31 ^aAnnual Report 2020 Faculty of Nursing, Praboromarajchanok Institute
|
| 260 นนทบุรี :^bคณะพยาบาลศาสตร์ สถาบันพระบรมราชชนก กระทรวงสาธารณสุข,^c2563
|
| 300 ก-ค,125 หน้า :^bภาพประกอบ ;^c30 ซม.
|
| 650 4 คณะพยาบาลศาสตร์ สถาบันพระบรมราชชนก^xรายงานประจำปี
|
| 650 4 ^aสถาบันพระบรมราชชนก^xรายงานประจำปี
|
| 999 ^aใช้งานได้ทุกระบบ
|